| 000 | 00929nam a22002897a 4500 | ||
|---|---|---|---|
| 003 | CHAP | ||
| 005 | 20220329134137.0 | ||
| 008 | 971013s1977 r 00010 d | ||
| 010 | _a16061 | ||
| 011 | _a17033 | ||
| 035 | _a21115 | ||
| 040 | _cCHAP | ||
| 082 |
_a633.17 _bG8 |
||
| 100 | 0 | 0 |
_aGuiragossian, Vartan Y. _951436 |
| 245 | _aChemical and biological methods for grain and forage sorghum | ||
| 260 |
_aWest Lafayette, In., : _bPurdue University. Agricultural Experiment Station, _c1977 |
||
| 300 | _a232 p | ||
| 590 |
_aBATCH-UPD _b10 _c20130110 _lUCH01 _h2021 |
||
| 590 |
_aBATCH-UPD _b10 _c20130410 _lUCH01 _h1339 |
||
| 590 |
_aBATCH-UPD _b10 _c20130914 _lUCH01 _h1951 |
||
| 590 |
_aCONVERSION _b10 _c20130109 _lUCH01 _h1310 |
||
| 650 | 1 | 4 |
_aQuímica vegetal. _993602 |
| 650 | 1 | 4 |
_aSorgo _xAnálisis. _9108627 |
| 901 | _aBK | ||
| 942 | _cLIBRO | ||
| 949 |
_a633.17 G8 _bBC _cLIBRO _d33724000208674 _eLIBRO _h60679 _i21115 _mD _si |
||
| 999 |
_c16061 _d16061 |
||